Colonias de la Alcaldía Cuauhtémoc, Ciudad de México - Estadísticas

Estadísticas generales
  • Esta prueba ha sido intentada 4 veces
  • La puntuación promedio es 6 de 33
Respuestas en el mapa
Las respuestas están codificadas por una escala verde-roja en el mapa de la prueba según el % correcto abajo.
 
Estadísticas de respuestas
Respuesta % Correcto
Centro
100%
Condesa
75%
Roma Sur
75%
Buenavista
50%
Doctores
50%
Guerrero
50%
Roma Norte
50%
Tabacalera
50%
Buenos Aires
25%
Morelos
25%
Nonoalco Tlatelolco
25%
San Rafael
25%
Algarín
0%
Ampliación Asturias
0%
Asturias
0%
Atlampa
0%
Cuauhtémoc
0%
Esperanza
0%
Ex Hipódromo de Peralvillo
0%
Felipe Pescador
0%
Hipódromo
0%
Hipódromo Condesa
0%
Juárez
0%
Maza
0%
Obrera
0%
Paulino Navarro
0%
Peralvillo
0%
San Simón Tolnahuac
0%
Santa María Insurgentes
0%
Santa María la Ribera
0%
Transito
0%
Valle Gomez
0%
Vista Alegre
0%
No se encontraron pruebas coincidentes
Distribución de puntuación
Porcentaje de gente con cada puntuación
Porcentaje por número respondido
Historial de tus puntuaciones
No has intentado esta prueba.